| 000 | | | 03517nac2a22002411x 450 |
| 001 | | | fc185fd4-f500-4e20-86ba-88a3c3b3dc08 |
| 005 | | | 20131120200403.0 |
| 100 | ## | $a | 20130605l1914 k y0rusy50 ca |
| 101 | 0# | $a | rus |
| 102 | ## | $a | RU |
| 105 | ## | $a | y z ||||| |
| 200 | 1# | $a | Текст доклада Постоянного совета о кризисе частного землевладения |
| | $j | 1914 |
| 215 | ## | $a | 10 листов |
| 251 | ## | $c | Дело |
| 300 | ## | $a | Часть документов - рукописная, часть - машинописная, часть - напечатана типографским способом |
| 300 | ## | $a | Черновик, корректура и беловой экземпляр, записки с поправками к докладу |
| 330 | ## | $a | X. Материалы по делам дворянского землевладения и дворянского сословия в целом /1898-1917 гг./ |
| 461 | #0 | $1 | 001b6db1e6b-efcc-4108-961b-a8f75be6354f |
| | $1 | 2001 |
| | $a | Постоянный совет объединенных дворянских обществ |
| | $1 | 251 |
| | $c | Фонд |
| | $1 | 852 |
| | $j | 434 |
| 462 | #0 | $1 | 001376737bd-14a2-4097-a3d5-a02b2aa0e2d3 |
| | $1 | 2001 |
| | $a | Постоянный совет объединенных дворянских обществ. 1906-1917 гг. |
| | $1 | 251 |
| | $c | Опись |
| | $1 | 852 |
| | $j | 1 |
| 601 | 02 | $3 | RU\NLR\AUTH\8810165427 |
| | $a | Постоянный совет объединенных дворянских обществ |
| | $c | Петербург |
| 801 | #0 | $a | RU |
| | $b | GA_RF |
| 801 | #1 | $a | RU |
| | $b | НПО Опыт |
| | $c | 20130605 |
| | $2 | rusmarc |
| 801 | #2 | $a | RU |
| | $b | ПБ им. Б.Н. Ельцина |
| | $c | 20131120 |
| | $g | RCR |
| | $2 | rusmarc |
| 852 | ## | $a | ГА РФ |
| | $j | 334 |
| 937 | ## | $d | 41867126 |
| | $h | ПБ |
| 035 | ## | $a | RuPRLIB51006678 |